Teoría General de Sistemas / John P. Van Gigch (Registro nro. 12781)
[ vista simple ]
| 000 -LÍDER | |
|---|---|
| fixed length control field | 00501nam a2200169 4500 |
| 008 - ELEMENTOS DE LONGITUD FIJA -- INFORMACIÓN GENERAL | |
| fixed length control field | 0 1987 0a 000 0MEX |
| 020 ## - NÚMERO INTERNACIONAL NORMALIZADO PARA LIBROS | |
| ISBN | 968-24-2023-7 |
| 050 ## - SIGNATURA TOPOGRAFICA DE LA BIBLIOTECA DEL CONGRESO (LC) | |
| Número de Clasificación | Q295 G58 1987 |
| 082 ## - NUMERO DE CLASIFICACION DECIMAL DEWEY | |
| Número de Clasificación | 003 G586t |
| 100 ## - ASIENTO PRINCIPAL--NOMBRE PERSONAL | |
| Nombre personal | Gigch, John P. Van |
| 245 ## - TÍTULO | |
| Título | Teoría General de Sistemas / John P. Van Gigch |
| 250 ## - MENCIÓN DE EDICIÓN | |
| Mención de edición | 2 |
| 260 ## - PUBLICACIÓN, DISTRIBUCIÓN, ETC. (PIE DE IMPRENTA) | |
| Lugar de publicación, distribución, etc. | México : Trillas |
| 300 ## - DESCRIPCIÓN FÍSICA | |
| Extensión | 607 p. / 25 cm. |
| 500 ## - NOTA GENERAL | |
| Nota general | Contiene Glosario, Referencias e Indice |
| 650 ## - ASIENTO SECUNDARIO DE MATERIA - TERMINO TEMÁTICO | |
| Término temático o nombre geográfico como elemento de entrada | 1.ANALISIS DE SISTEMAS \ 2.TOMA DE DECISIONES |
| No. biblioteca | No. biblioteca | Número de clasificación | Código de barras/Número de adquisición | Número de copia | Tipo de material |
|---|---|---|---|---|---|
| LUIS G. INCLAN | LUIS G. INCLAN | 003 G586t | 28883 | 17 | Libros |
| LUIS G. INCLAN | LUIS G. INCLAN | 003 G586t | 8488 | 2 | Libros |
| LUIS G. INCLAN | LUIS G. INCLAN | 003 G586t | 21371 | 12 | Libros |
| LUIS G. INCLAN | LUIS G. INCLAN | 003 G586t | 21368 | 9 | Libros |
| LUIS G. INCLAN | LUIS G. INCLAN | 003 G586t | 21369 | 10 | Libros |
| LUIS G. INCLAN | LUIS G. INCLAN | 003 G586t | 16973 | 4 | Libros |
| LUIS G. INCLAN | LUIS G. INCLAN | 003 G586t | 26167 | 16 | Libros |
| LUIS G. INCLAN | LUIS G. INCLAN | 003 G586t | 47515 | 18 | Libros |
| LUIS G. INCLAN | LUIS G. INCLAN | 003 G586t | 21372 | 3 | Libros |
